000 00294nam a22001337a 4500
008 170905b xxu||||| |||| 00| 0 eng d
020 _a9780534561789
041 _aeng
080 _23 ED
_a070
100 _a40
101 _aMED
245 _aCREATIVE EDITING
_cBOWLES.D.A
942 _2udc
_cBK
999 _c26174
_d26174